Statistics for Pokemon Johto Pokedex

Click here to take the quiz!

General Stats

  • This quiz has been taken 27 times
  • The average score is 179 of 256

Answer Stats

HintAnswer% Correct
GrassChikorita
93%
Normal/FlyingHoothoot
93%
GrassMeganium
93%
FireQuilava
93%
WaterTotodile
93%
GrassBayleef
86%
NormalCleffa
86%
Poison/FlyingCrobat
86%
WaterCroconaw
86%
FireCyndaquil
86%
ElectricElekid
86%
WaterFeraligatr
86%
NormalIgglybuff
86%
FireMagby
86%
Psychic/FlyingNatu
86%
Normal/FlyingNoctowl
86%
ElectricPichu
86%
NormalSentret
86%
Steel/GroundSteelix
86%
NormalTogepi
86%
Normal/FlyingTogetic
86%
FireTyphlosion
86%
ElectricAmpharos
79%
Bug/PoisonAriados
79%
WaterBlastoise
79%
Grass/PoisonBulbasaur
79%
Psychic/GrassCelebi
79%
Fire/FlyingCharizard
79%
FireCharmander
79%
FireCharmeleon
79%
DragonDragonair
79%
Dragon/FlyingDragonite
79%
DragonDratini
79%
FireEntei
79%
NormalFurret
79%
FightingHitmontop
79%
Fire/FlyingHo-Oh
79%
Grass/FlyingHoppip
79%
Grass/PoisonIvysaur
79%
Water/DragonKingdra
79%
Rock/GroundLarvitar
79%
Psychic/FlyingLugia
79%
WaterMagikarp
79%
ElectricMareep
79%
PsychicMew
79%
PsychicMewtwo
79%
GhostMisdreavus
79%
Dark/FlyingMurkrow
79%
Normal/FlyingPidgey
79%
ElectricPikachu
79%
Ice/GroundPiloswine
79%
Water/GroundQuagsire
79%
Water/PsychicSlowking
79%
Dark/IceSneasel
79%
WaterSquirtle
79%
WaterSuicune
79%
Ice/GroundSwinub
79%
Rock/DarkTyranitar
79%
DarkUmbreon
79%
Grass/PoisonVenusaur
79%
WaterWartortle
79%
Water/GroundWooper
79%
Psychic/FlyingXatu
79%
PsychicAbra
71%
Rock/FlyingAerodactyl
71%
NormalAipom
71%
PsychicAlakazam
71%
PoisonArbok
71%
Ice/FlyingArticuno
71%
Grass/PoisonBellsprout
71%
NormalChansey
71%
NormalClefable
71%
NormalClefairy
71%
Water/RockCorsola
71%
Water/IceDewgong
71%
GroundDiglett
71%
NormalDitto
71%
Normal/FlyingDodrio
71%
Normal/FlyingDoduo
71%
PsychicDrowzee
71%
GroundDugtrio
71%
NormalEevee
71%
PoisonEkans
71%
ElectricElectabuzz
71%
PsychicEspeon
71%
Normal/FlyingFearow
71%
ElectricFlaaffy
71%
FireFlareon
71%
Ghost/PoisonGastly
71%
Ghost/PoisonGengar
71%
Rock/GroundGeodude
71%
Normal/PsychicGirafarig
71%
Ground/FlyingGligar
71%
Grass/PoisonGloom
71%
Poison/FlyingGolbat
71%
Rock/GroundGolem
71%
Rock/GroundGraveler
71%
PoisonGrimer
71%
Water/FlyingGyarados
71%
Ghost/PoisonHaunter
71%
Bug/FightingHeracross
71%
FightingHitmonchan
71%
FightingHitmonlee
71%
WaterHorsea
71%
Dark/FireHoundoom
71%
PsychicHypno
71%
NormalJigglypuff
71%
ElectricJolteon
71%
Grass/FlyingJumpluff
71%
Ice/PsychicJynx
71%
Rock/WaterKabuto
71%
Rock/WaterKabutops
71%
PsychicKadabra
71%
PoisonKoffing
71%
Bug/FlyingLedyba
71%
FightingMachamp
71%
FightingMachoke
71%
FightingMachop
71%
FireMagmar
71%
Electric/SteelMagnemite
71%
Electric/SteelMagneton
71%
NormalMiltank
71%
Fire/FlyingMoltres
71%
PoisonMuk
71%
Poison/GroundNidoking
71%
Poison/GroundNidoqueen
71%
PoisonNidoran
71%
PoisonNidorina
71%
PoisonNidorino
71%
FireNinetales
71%
Grass/PoisonOddish
71%
Rock/WaterOmanyte
71%
Rock/WaterOmastar
71%
Rock/GroundOnix
71%
GroundPhanpy
71%
Normal/FlyingPidgeot
71%
Normal/FlyingPidgeotto
71%
BugPineco
71%
WaterPolitoed
71%
WaterPoliwag
71%
WaterPoliwhirl
71%
Water/FightingPoliwrath
71%
Rock/GroundPupitar
71%
ElectricRaichu
71%
ElectricRaikou
71%
NormalRaticate
71%
NormalRattata
71%
Bug/SteelScizor
71%
Bug/FlyingScyther
71%
WaterSeadra
71%
WaterSeel
71%
Bug/RockShuckle
71%
Grass/FlyingSkiploom
71%
Ice/PsychicSmoochum
71%
NormalSnorlax
71%
Normal/FlyingSpearow
71%
Bug/PoisonSpinarak
71%
Water/PsychicStarmie
71%
WaterStaryu
71%
Water/PoisonTentacool
71%
Water/PoisonTentacruel
71%
FightingTyrogue
71%
WaterVaporeon
71%
Bug/PoisonVenomoth
71%
Bug/PoisonVenonat
71%
Grass/PoisonVictreebel
71%
Grass/PoisonVileplume
71%
FireVulpix
71%
Grass/PoisonWeepinbell
71%
PoisonWeezing
71%
NormalWigglytuff
71%
Bug/FlyingYanma
71%
Electric/FlyingZapdos
71%
Poison/FlyingZubat
71%
Bug/PoisonBeedrill
64%
GrassBellossom
64%
NormalBlissey
64%
Bug/FlyingButterfree
64%
BugCaterpie
64%
Water/ElectricChinchou
64%
Ice/FlyingDelibird
64%
ElectricElectrode
64%
NormalGranbull
64%
Dark/FireHoundour
64%
Bug/PoisonKakuna
64%
Bug/FlyingLedian
64%
Ice/GroundMamoswine
64%
FightingMankey
64%
Water/FlyingMantine
64%
NormalMeowth
64%
BugMetapod
64%
PsychicMr. Mime
64%
WaterOctillery
64%
NormalPersian
64%
FirePonyta
64%
FightingPrimeape
64%
WaterPsyduck
64%
Water/PoisonQwilfish
64%
FireRapidash
64%
GroundSandshrew
64%
GroundSandslash
64%
Steel/FlyingSkarmory
64%
Water/PsychicSlowbro
64%
Water/PsychicSlowpoke
64%
FireSlugma
64%
NormalSnubbull
64%
GrassSunflora
64%
GrassTangela
64%
NormalTeddiursa
64%
PsychicUnown
64%
ElectricVoltorb
64%
Bug/PoisonWeedle
64%
PsychicWobbuffet
64%
FireArcanine
57%
Water/IceCloyster
57%
GroundDonphan
57%
Grass/PsychicExeggcute
57%
Grass/PsychicExeggutor
57%
Normal/FlyingFarfetch'd
57%
Bug/SteelForretress
57%
WaterGoldeen
57%
WaterGolduck
57%
FireGrowlithe
57%
Water/ElectricLanturn
57%
Water/IceLapras
57%
Fire/RockMagcargo
57%
Bug/GrassParas
57%
Bug/GrassParasect
57%
BugPinsir
57%
NormalPorygon
57%
NormalPorygon2
57%
WaterRemoraid
57%
WaterSeaking
57%
WaterShellder
57%
NormalStantler
57%
RockSudowoodo
57%
GrassSunkern
57%
NormalTauros
57%
NormalUrsaring
57%
Bug/FlyingYanmega
57%
GroundCubone
50%
NormalLickitung
50%
GroundMarowak
50%
Ground/RockRhydon
50%
Ground/RockRhyhorn
50%
NormalAmbipom
43%
WaterAzumarill
43%
NormalDunsparce
43%
NormalKangaskhan
43%
WaterKingler
43%
WaterKrabby
43%
NormalLickilicky
43%
WaterMarill
43%
GrassTangrowth
43%
NormalSmeargle
36%

Score Distribution

Percentile by Number Answered

Percent of People with Each Score

Your Score History

You have not taken this quiz